Les Pokémons de type Electrik - Statistiques

Statistiques générales
  • Ce quiz a été pris 294 fois
    195 depuis la dernière actualisation
  • Le résultat moyen est 56 sur 71
Statistiques - réponses
Gen Type 1 Type 2 Pokémon % Correct
I 025 Electrik Pikachu
100%
I 026 Electrik Raichu
98%
I 026 Electrik Psy Raichu
98%
I 081 Electrik Acier Magnéti
97%
I 082 Electrik Acier Magnéton
97%
I 145 Electrik Vol Électhor
95%
IV 462 Electrik Acier Magnézone
94%
II 172 Electrik Pichu
92%
I 100 Electrik Voltorbe
90%
I 100 Electrik Plante Voltorbe
90%
I 101 Electrik Électrode
88%
I 101 Electrik Plante Électrode
88%
I 125 Electrik Élektek
88%
I 075 Electrik Roche Gravalanch
88%
I 076 Electrik Roche Grolem
88%
II 171 Electrik Eau Lanturn
88%
II 170 Electrik Eau Loupio
88%
I 074 Electrik Roche Racaillou
88%
IV 466 Electrik Élekable
87%
IV 479 Electrik Spectre Motisma
87%
IV 479 Electrik Feu Motisma
87%
IV 479 Electrik Eau Motisma
87%
IV 479 Electrik Glace Motisma
87%
IV 479 Electrik Vol Motisma
87%
IV 479 Electrik Plante Motisma
87%
III 312 Electrik Négapi
87%
III 311 Electrik Posipi
87%
V 587 Electrik Vol Emolga
86%
II 181 Electrik Pharamp
86%
V 644 Electrik Dragon Zekrom
86%
II 239 Electrik Élekid
85%
II 180 Electrik Lainergie
85%
III 309 Electrik Dynavolt
84%
IV 403 Electrik Lixy
83%
IV 404 Electrik Luxio
83%
IV 405 Electrik Luxray
83%
V 596 Electrik Insecte Mygavolt
83%
IV 417 Electrik Pachirisu
83%
I 135 Electrik Voltali
83%
II 179 Electrik Wattouat
83%
III 310 Electrik Élecsprint
82%
V 603 Electrik Lampéroie
82%
V 604 Electrik Ohmassacre
82%
V 602 Electrik Anchwatt
81%
II 243 Electrik Raikou
81%
VI 702 Electrik Fée Dedenne
79%
V 595 Electrik Insecte Statitik
79%
V 522 Electrik Zébibron
76%
V 618 Electrik Sol Limonde
75%
V 523 Electrik Zéblitz
75%
IV 493 Electrik Arceus
73%
V 642 Electrik Vol Fulguris
73%
VII 777 Electrik Acier Togedemaru
73%
VI 694 Electrik Normal Galvaran
70%
VI 695 Electrik Normal Iguolta
70%
VIII 849 Electrik Poison Salarsen
70%
VII 738 Electrik Insecte Lucanon
67%
VIII 877 Electrik Ténèbres Morpeko
64%
VIII 848 Electrik Poison Toxizap
64%
VII 737 Electrik Insecte Chrysapile
63%
VIII 894 Electrik Regieleki
59%
VIII 835 Electrik Voltoutou
56%
VII 796 Electrik Câblifère
55%
VII 807 Electrik Zeraora
55%
VII 785 Electrik Fée Tokorico
53%
VIII 880 Electrik Dragon Galvagon
51%
VIII 836 Electrik Fulgudog
50%
VII 741 Electrik Vol Plumeline
50%
VII 773 Electrik Silvallié
50%
VIII 881 Electrik Glace Galvagla
49%
VIII 871 Electrik Wattapik
40%
Aucun quiz correspondant
Distribution des résultats
% des personnes avec chaque résultat
Percentile par nombre de réponses
Votre historique - résultats
Vous n’avez pas pris ce quiz depuis la dernière actualisation